000 00394nam a22001217a 4500
999 _c9932
_d9932
003 OSt
008 201217b ||||| |||| 00| 0 eng d
245 _aSandesh - Mastnath journal of management
250 _a2009-10(Oct-Jan Vol.4 No.4-1-2) 2010(Jul-Dec Vol.5 No.1-2)
260 _aRohtak
_bShri Baba Mastnath Institute of Management Studies and Research
650 _aManagement
942 _2ddc
_cBV